| 000 | 00383nam a2200133Ia 4500 | ||
|---|---|---|---|
| 008 | 170221s9999 xx 000 0 und d | ||
| 100 | _aCiorstan J. Smark | ||
| 245 | _aEditorial Volume 8, Issue 5 | ||
| 245 | _cCiorstan J. Smark | ||
| 260 | _c2013 | ||
| 300 | _a2 : S5 Japan 1 | ||
| 650 | _xBusiness | ||
| 856 | _uhttp://ro.uow.edu.au/cgi/viewcontent.cgi?article=1485&context=aabfj | ||
| 999 |
_c313285 _d313285 |
||